Sports Quiz

Random Sports Quiz

Bournemouth Squad 2019 - 2020 Season Quiz Stats

 Plays Quiz not verified by Sporcle

Support Sporcle.
Go Orange.
Score 0/35 Timer 10:00
0 Plays Today
Hint Answer % Correct
ForwardJoshua King
90%
GoalkeeperMark Travers
80%
ForwardCallum Wilson
70%
ManagerEddie Howe
70%
ForwardSam Surridge
60%
GoalkeeperArtur Boruc
40%
GoalkeeperAaron Ramsdale
40%
DefenderSimon Francis
40%
DefenderSteve Cook
30%
DefenderNathan Ake
30%
DefenderAdam Smith
30%
MidfielderJordon Ibe
30%
DefenderCharlie Daniels
20%
DefenderDiego Rico
20%
DefenderJack Simpson
20%
DefenderJack Stacey
20%
MidfielderDan Gosling
20%
MidfielderAndrew Surman
20%
Hint Answer % Correct
MidfielderJefferson Lerma
20%
MidfielderLewis Cook
20%
MidfielderJunior Stanislas
20%
MidfielderDavid Brooks
20%
MidfielderRyan Fraser
20%
MidfielderPhilip Billing
20%
MidfielderHarry Wilson
20%
ForwardDominic Solanke
20%
GoalkeeperWilliam Dennis
10%
DefenderChris Mepham
10%
DefenderLloyd Kelly
10%
MidfielderGavin Kilkenny
10%
DefenderCorey Gordon
0%
DefenderBrooklyn Genesini
0%
MidfielderChristian Saydee
0%
MidfielderKyle Taylor
0%
ForwardArnaut Danjuma Groeneveld
0%

You're not logged in!

Compare scores with friends on all Sporcle quizzes.
OR
Log In

From the Vault

Best Director per Letter

by SporcleEXP

They know directing from A-Z.
Remove Ads.
Support Sporcle.
Get the best of Sporcle when you Go Orange. This ad-free experience offers more features, more stats, and more fun while also helping to support Sporcle. Thank you for becoming a member.

Show Comments

Extras

Created Feb 22, 2020ReportNominate
Tags:2019, 2020, Bournemouth, season, Squad

Top Quizzes Today


Score Distribution

Your Account Isn't Verified!

In order to create a playlist on Sporcle, you need to verify the email address you used during registration. Go to your Sporcle Settings to finish the process.

Report this User

Report this user for behavior that violates our Community Guidelines.

Details: